Liedtext - Gib mir Sonne - Rosenstolz - Statistiken

Allgemein
  • Dieses Quiz wurde 205 mal gespielt
  • Das Durchschnittsergebnis liegt bei 176 aus 258
Antwortstatistiken
Textquiz % Korrekt
mir
100%
Sonne
100%
Gib
99%
gib
99%
die
96%
Die
96%
'n
94%
das
91%
Das
91%
Ich
90%
ich
90%
zu
88%
All
87%
du
87%
Licht
87%
den
86%
Es
85%
es
85%
nicht
83%
dass
80%
kann
78%
Kann
78%
kommt
78%
sein
76%
Wärme
76%
im
75%
Wann
75%
wieder
75%
denn
74%
Alle
71%
alle
71%
muss
71%
zurück
71%
bisschen
70%
nichts
69%
mehr
67%
Ist
66%
ist
66%
mich
64%
Mich
64%
gar
63%
Glück
63%
Farben
61%
Schnee
60%
weg
60%
Und
59%
und
59%
verbrenn'
59%
für
58%
Hier
58%
hier
58%
geh'n
57%
genug
57%
Welt
57%
alles
56%
Liebe
56%
dieser
55%
gelingt
55%
Grau
55%
hell
55%
seh'n
55%
Leben
54%
schenk
53%
Kannst
52%
mein
52%
Siehst
51%
sollen
51%
Nur
50%
versink
49%
Lichter
48%
tief
47%
uns
47%
was
47%
gut
46%
heute
46%
Tag
45%
auf
44%
Auch
42%
auch
42%
leuchten
42%
Hab
40%
raus
40%
werd'
40%
weh
38%
keine
37%
umdreh'n
37%
tut
36%
wenn's
36%
weit
33%
Feier
31%
feier
31%
Manchmal
31%
schnell
31%
ganz
29%
Angst
28%
beide
28%
Herz
28%
gesagt
25%
überfahr'n
25%
überroll'n
25%
wehtun
25%
Türen
22%
offen
21%
verbrennen
21%
dafür
19%
trage
19%
Keine übereinstimmenden Quizze gefunden
Verteilung der Resultate
Anzahl Personen mit jedem Resultat
Perzentil nach korrekt beantworteten Fragen
Ihre Resultats-Entwicklung
Sie haben dieses Quiz noch nicht gespielt